APEC Schools

Ghost in the wires / (Record no. 8256)

000 -LEADER
fixed length control field nam a22 7a 4500
005 - DATE AND TIME OF LATEST TRANSACTION
control field 20191118030103.0
008 - FIXED-LENGTH DATA ELEMENTS--GENERAL INFORMATION
fixed length control field 191118b xxu||||| |||| 00| 0 eng d
020 ## - IDENTIFIER FOR THE MANIFESTATION
Identifier for the Manifestation 9780316212182
Binding paperback
040 ## - CATALOGING SOURCE
Language of Cataloging eng
Transcribing Agency APEC Schools Library
Description Conventions rda
082 ## - DEWEY DECIMAL CLASSIFICATION NUMBER
Classification number C 364.168092
Author's Number M6971g 2011
100 ## - CREATOR
Preferred Name of the Person Mitnick, Kevin
245 ## - TITLE AND STATEMENT OF RESPONSIBILITY
Preferred Title Proper Ghost in the wires /
Statement of Responsibility/Parallel Statement of Responsibility Kevin Mitnick
264 ## - PUBLICATION STATEMENT
Place of publication, distribution, etc New York :
Publisher's Name/Parallel Publisher's Name Little, Brown and Company,
Copyright ©2011.
300 ## - PHYSICAL DESCRIPTION
Extent 547 pages :
Illustrative Content illustrations ;
336 ## - RDA CONTENT
Source rdacontent
Content Type text
337 ## - RDA MEDIA
Source rdamedia
Media Type unmediated
338 ## - RDA CARRIER
Source rdacarrier
Carrier Type volume
504 ## - BIBLIOGRAPHY, ETC. NOTE
Bibliography, etc Includes index.
650 ## - ADDED SUBJECT ACCESS POINT - TOPICAL TERM
Topical Term Computer crimes.
650 ## - ADDED SUBJECT ACCESS POINT - TOPICAL TERM
Topical Term Hackers.
650 ## - ADDED SUBJECT ACCESS POINT - TOPICAL TERM
Topical Term Computer security.
942 ## - ADDED ENTRY ELEMENTS (KOHA)
Source of Classification
Koha Item Type Non Fiction
Holdings
Library Site Location Shelving Location Source of Acquisition Full Classification Number Accession Number Koha Item Type
APEC Grace Park West Library APEC Grace Park West Library Circulation Institutional Fund C 364.168092 M6971g 2011 A09-0000008D Non Fiction

Powered by Koha